| 000 | 00637nam a2200181Ii 4500 | ||
|---|---|---|---|
| 003 | JO-AjNU | ||
| 008 | 230606s9999||||xx |||||||||||||| ||und|| | ||
| 040 |
_aJO-AjNU _beng _erda _cJO-AjNU |
||
| 041 | _aeng | ||
| 050 | 1 | 4 | _aPE1128.2015 |
| 100 | 3 |
_aAL-Momaney, Ali Ameen, Wala,a Khalifah Bani- awwad, _eauthor _93709 |
|
| 245 | 0 | 0 | _aAttitudes and Motivation Towards Leaning English Language Among Ajloun National University Students |
| 300 | _a29p | ||
| 336 |
_atext _btxt _2rdacontent |
||
| 337 |
_aunmediated _bn _2rdamedia |
||
| 338 |
_avolume _bnc _2rdacarrier |
||
| 650 | 4 |
_aAttitudes and Motivation -- Leaning English Language _93710 |
|
| 999 |
_aE1934 _c1934 _d1934 |
||